01226pab a2200133 454500008004000000100002000040245007800060260000900138300001300147362001100160520085600171650003101027773003401058180718b2012 xxu||||| |||| 00| 0 eng d aSvedberg, Peter aReforming or replacing the public distribution system with cash transfer? c2012 ap.53-62. a18 Feb aThe targeted public distribution system, intended to provide subsidised food to poor households, is the largest welfare programme in India, with a budget corresponding to about 1% of the net national product. Several studies have found the system to be inefficient and costly in assisting the poor. This paper analyses the case for, and against, replacing a reformed version of this system with a targeted and differentiated cash transfer scheme. Such a scheme could cover about two-thirds of households, and make far larger transfers to the poorest compared to the actual subsidy embedded in the current system, eliminating the risk of large exclusion errors. Further, the overall budget can be held at the present outlay level. It is argued that most of the objections to such a transfer scheme can be circumvented at the design stage. - Reproduced. aPublic distribution system aEconomic and Political Weekly